000 00764nam a2200241 a 4500
001 BRCA_5042
005 20190320204921.0
008 051110s1918----sp-a######---#000-0#spa-#
041 _aspa
044 _asp
050 4 _aNE702.G6
_b.B47 1918
100 1 _aBeruete y Moret, Aureliano de
_d1876-1922
_97763
245 1 0 _aGoya grabador
_cA. de Beruete y Moret.
260 _aMadrid
_bBlass y Cía
_c1918
300 _aix, 166 p.
_bil., 97 láminas
_c28 cm.
500 _aTomo 3: Continuación de Goya, pintor de retratos y Goya, composiciones y figuras
500 _aD126
600 1 4 _aGoya y Lucientes, Francisco José de
_d1746-1828
_911075
650 1 4 _aGrabados españoles
_97986
650 1 4 _aGrabadores españoles
_97740
902 _aGFM
942 _2lcc
_cB
999 _c4736
_d4736